Skład reprezentacji Polski w siatkówce na Ligę Narodów 2025 - Statystyki

Ogólne statystyki
  • Ten quiz został rozwiązany 194 razy
  • Średni wynik to 12 z 15
Statystyki odpowiedzi
Imię i nazwisko Pozycja % Poprawnych
Wilfredo Leon Przyjmujący
93%
Jakub Kochanowski Środkowy
89%
Tomasz Fornal Przyjmujący
89%
Jakub Popiwczak Libero
88%
Marcin Komenda Rozgrywający
88%
Kewin Sasak Atakujący
85%
Kamil Semeniuk Przyjmujący
83%
Jakub Nowak Środkowy
82%
Jan Firlej Rozgrywający
80%
Maksymilian Granieczny Libero
79%
Artur Szalpuk Przyjmujący
68%
Bartosz Bednorz Przyjmujący
67%
Szymon Jakubiszak Środkowy
65%
Bartłomiej Bołądź Atakujący
60%
Mateusz Poręba Środkowy
49%
Nie znaleziono quizów pasujących do podanych kryteriów
Rozkład punktacji
Procent ludzi z każdym wynikiem
Percentyl według liczby udzielonych odpowiedzi
Twoja historia wyników
Nie rozwiązałeś tego quizu